College writing 2
Shranjeno v:
| Glavni avtor: | |
|---|---|
| Format: | Knjiga |
| Jezik: | angleščina |
| Izdano: |
Natick
Heinle Cengage Learning
2006
|
| Izdaja: | 1a. ed |
| Serija: | English for Academic Success
|
| Teme: | |
| Oznake: |
Označite
Brez oznak, prvi označite!
|
MARC
| LEADER | 00000cam a2200000 a 4500 | ||
|---|---|---|---|
| 001 | UCD9113 | ||
| 003 | CL-VaPUC | ||
| 008 | 170602e20060000us |||||||||||||||||eng|d | ||
| 020 | |a 9780618230297 | ||
| 020 | |a 0618230297 | ||
| 082 | 0 | 4 | |a 428 |b COT |2 21 |
| 100 | 0 | |a Cotter, Eileen |e author |9 592807 | |
| 245 | 1 | 0 | |a College writing 2 |
| 250 | |a 1a. ed | ||
| 300 | |a 219 p | ||
| 942 | |c BK | ||
| 945 | |d 20170602 23:29:00 |a arojas | ||
| 260 | |a Natick |b Heinle Cengage Learning |c 2006 | ||
| 650 | 0 | |a Gramática inglesa |9 392981 | |
| 650 | 0 | |a Lengua inglesa |9 453712 | |
| 650 | 0 | |a Comprensión de lectura |9 307588 | |
| 650 | 0 | |a Expresión oral |9 334815 | |
| 650 | 0 | |a Expresión escrita |9 334816 | |
| 583 | |a last modification |c 20170602 23:29:00 |k Rodrigo Vera | ||
| 490 | 0 | |a English for Academic Success | |
| 999 | |c 368396 |d 368394 | ||
| 952 | |0 0 |1 0 |3 erb |4 0 |6 428_000000000000000_COT_2006 |7 0 |8 A |9 483699 |a BIBEDU |b BIBEDU |i 5393027 |o 428 COT 2006 |p 5393027 |r 2019-11-24 |w 2019-11-24 |y BK |z Catalogado en:20170602 |k CIT | ||
| 952 | |0 0 |1 0 |3 erb |4 0 |6 428_000000000000000_COT_2006 |7 0 |8 A |9 483700 |a BIBEDU |b BIBEDU |i 5393035 |o 428 COT 2006 |p 5393035 |r 2019-11-24 |w 2019-11-24 |y BK |z Catalogado en:20170602 |k CIT | ||